<?xml version="1.0" encoding="UTF-8"?>
<collection xmlns="http://www.loc.gov/MARC21/slim">
 <record>
  <leader>00616nta a2200157 i 4500</leader>
  <controlfield tag="001">dipl77989</controlfield>
  <controlfield tag="005">20200623124214.0</controlfield>
  <controlfield tag="008">190627s1995    hu      om    0||   ger d</controlfield>
  <datafield tag="040" ind1=" " ind2=" ">
   <subfield code="a">SZTE Diploma Repozitórium</subfield>
   <subfield code="b">hun</subfield>
  </datafield>
  <datafield tag="041" ind1=" " ind2=" ">
   <subfield code="a">ger</subfield>
  </datafield>
  <datafield tag="100" ind1="1" ind2=" ">
   <subfield code="a">Nagy Gabriella</subfield>
  </datafield>
  <datafield tag="245" ind1="1" ind2="0">
   <subfield code="a">Liebe und Leben in Kellers Novelle &quot;Romeo und Julia auf dem Dorfe&quot; (im Vergleich mit Shakespeares Drama &quot;Romeo und Julia&quot;)</subfield>
   <subfield code="h">[elektronikus dokumentum] /</subfield>
   <subfield code="c">Gabriella Nagy</subfield>
  </datafield>
  <datafield tag="260" ind1=" " ind2=" ">
   <subfield code="c">1995</subfield>
  </datafield>
  <datafield tag="650" ind1=" " ind2="4">
   <subfield code="a">Pedagógusképzés</subfield>
  </datafield>
  <datafield tag="700" ind1="1" ind2=" ">
   <subfield code="a">Harmat Márta</subfield>
   <subfield code="e">ths</subfield>
  </datafield>
  <datafield tag="856" ind1="4" ind2="0">
   <subfield code="u">http://diploma.bibl.u-szeged.hu/id/eprint/77989/1/1995_nagy_gabriella.pdf</subfield>
   <subfield code="z">Dokumentum-elérés </subfield>
  </datafield>
 </record>
</collection>
